000 00570nam a2200145Ia 4500
008 100204s9999 xx 000 0 und d
082 _b7064
100 _aनाईक वसंत
245 _aक्रिकेट कलावंत विश्वनाथ
260 _b"बांदोडकर पब्लिशिंग हाऊस, गोवा"
_c1981
300 _a164
630 _aक्रिकेट कलावंत विश्वनाथ
730 _aक्रिकेट कलावंत विश्वनाथ
942 _cBOOK
999 _c451501
_d451498